LEADER 01116cam0 22002653 450 001 SON0002511 005 20230321085641.0 010 $a8814084556 100 $a20040211d2000 |||||ita|0103 ba 101 $aita 102 $aIT 200 1 $a<>legislazione dei beni culturali e ambientali$eGuida ragionata per studenti, specializzandi e operatori, amministrativi e tecnici, delle pubbliche istituzioni di tutela$fRaffaele Tamiozzo 205 $a2. ed. aggiornata con le norme contenute nel Decreto legislativo 29 ottobre 1999, n. 490 (Testo unico della legislazione sui beni culturali e ambientali) 210 $aMilano$cGiuffrè$d2000 215 $aXX, 511 p.$d23 cm 700 1$aTamiozzo$b, Raffaele$3AF00019777$4070$0257763 801 0$aIT$bUNISOB$c20230321$gRICA 850 $aUNISOB 852 $aUNISOB$j340$m103278 912 $aSON0002511 940 $aM 102 Monografia moderna SBN 941 $aM 957 $a340$b002924$gSI$d103278$racquisto$1carrano$2UNISOB$3UNISOB$420111209111858.0$520111209111955.0$6carrano 996 $aLegislazione dei beni culturali e ambientali$9675630 997 $aUNISOB LEADER 01442nam0 22003733i 450 001 RAV0059683 005 20231121125627.0 020 $aIT$b765225 100 $a20130515d1975 ||||0itac50 ba 101 | $aita$ceng 102 $ait 181 1$6z01$ai $bxxxe 182 1$6z01$an 200 1 $aStile e idea$fArnold Schonberg$gcon un saggio di Luigi Pestalozza 210 $aMilano$cFeltrinelli$d1975 215 $a265 p., [1] c. di tav.$cill., mus.$d22 cm 225 | $a˜I œfatti e le idee$v293 300 $a1. ed. italiana: Milano, 1960. 410 0$1001CFI0005763$12001 $a˜I œfatti e le idee$v293 500 10$aStyle and idea$3RAV0059685$9CFIV033278$930001 606 $aMusica$2FIR$3RMLC009558$9I 676 $a780.8$9$v21 700 1$aSchönberg$b, Arnold$3CFIV033278$4070$0395279 702 1$aPestalozza$b, Luigi$3CFIV032047 790 1$aSchoenberg$b, Arnold$3RAVV091977$zSchönberg, Arnold 801 3$aIT$bIT-01$c20130515 850 $aIT-RM1090 $aIT-FR0017 899 $aBiblioteca Della Fondazione Giovanni Pierluigi Da Palestrina$bRM1090 899 $aBiblioteca umanistica Giorgio Aprea$bFR0017 $eN 912 $aRAV0059683 950 0$aBiblioteca umanistica Giorgio Aprea$d 52MAG 6/1302$e 52MAG0000057115 VMB RS $fA $h20210209$i20210209 977 $a 30$a 52 996 $aStyle and idea$930001 997 $aUNICAS